000 01030cam a22002773a 4500
999 _c234355
_d234355
001 16390315
003 Nust
005 20170319174807.0
008 000202s1999 xxu 000 1 eng
010 _a 98093786
020 _a9780749908805
035 _a(DLC) 98093786
040 _aDLC
_cDLC
_dDLC
050 0 0 _aCPB Box no. 1635 vol. 9
082 _a823
_bQUI
100 1 _aQuinn, Julia,
_d1970-
245 1 0 _aHow to marry a marquis /
_cJulia Quinn.
260 _aNew York :
_bAvon Books,
_c1999.
300 _a372 p.
655 7 _aLove stories.
_2gsafd
655 7 _aHistorical fiction.
_2gsafd
710 2 _aCopyright Paperback Collection (Library of Congress)
_5DLC
856 4 2 _3Contributor biographical information
_uhttp://www.loc.gov/catdir/enhancements/fy1111/98093786-b.html
856 4 2 _3Publisher description
_uhttp://www.loc.gov/catdir/enhancements/fy1111/98093786-d.html
906 _a7
_bcbc
_corignew
_d2
_encip
_f19
_gy-genrareb
942 _2ddc
_cBK